Groupe de Rock/Metal par album - Quiz - Statistiques

Statistiques générales
  • Ce quiz a été pris 55 fois
  • Le résultat moyen est 18 sur 20
Statistiques - réponses
Par images Réponse % Correct
Nirvana
100%
ACDC
98%
Green Day
96%
Iron Maiden
94%
Korn
94%
Metallica
94%
Muse
94%
Queen
94%
Rolling Stones
94%
Black Sabbath
92%
Foo Fighters
92%
Guns N Roses
92%
Radiohead
92%
The Cure
92%
The Offspring
92%
Aerosmith
90%
Deftones
90%
System Of A Down
88%
Pink Floyd
84%
Limp Bizkit
59%
Aucun quiz correspondant
Distribution des résultats
% des personnes avec chaque résultat
Percentile par nombre de réponses
Votre historique - résultats
Vous n’avez pas pris ce quiz